Zbožíznalství smíšeného zboží pro 3. ročník učebního oboru prodavač se

Uložené v:
Podrobná bibliografia
Hlavní autori: Vanda, P. (Author), Kavina, Josef, 1926- (Author)
Médium: Kniha
Jazyk:Czech
Vydané: 1991
ISBN: 8070328401
Tagy: Pridať tag
Žiadne tagy, Buďte prvý kto otaguje tento záznam!

MARC

LEADER 00000nam a2200000 a 4500
001 000246306
005 00000000000000.0
008 040101s1991 e czeo
020 |a 8070328401 
041 0 |a cze 
100 1 |a Vanda, P.  |4 aut 
245 1 0 |a Zbožíznalství smíšeného zboží pro 3. ročník učebního oboru prodavač se 
260 |c 1991 
500 |a Záznam neprešiel kontrolou 
700 1 |a Kavina, Josef,  |4 aut  |d 1926- 
910 |a svkkk 
919 |a 80-7032-840-1 
998 |a BK 
090 |g SCKHL  |k Sklad Pribinova 2. posch.  |a II.346541  |j 842218  |i 246306-10  |s Absenčne